000 00410nam a2200181Ia 4500
001 1204
005 20260306140614.0
008 260306t2009||||xx |||||||||||||| ||spa||
041 _aESP
082 _a189.2
_bA32
100 _aAgustín, San
_eAUT
245 0 _aContra los académicos
260 _c2009
300 _a179 páginas :
_c23 cm.
650 _aGEN
654 _aCHU
942 _cLIB
_dJUS
_fJUS
_2ddc
_n
999 _c1204
_d1204